[Event "2. BUNDESLIGA MITTE 2019/2020"]
[Site "Linz"]
[Date "2019.10.12"]
[Round "2"]
[Board "3"]
[White "Krebs, Johann"]
[Black "Testor, Sebastian"]
[Result "0-1"]
[WhiteElo "2226"]
[BlackElo "2332"]
[PlyCount "118"]
[EventDate "2019.10.11"]
[EventType "team"]
[EventRounds "11"]
[EventCountry "AUT"]
[WhiteTeam "Frauental"]
[BlackTeam "SPG Sauwald"]

1. d4 e6 2. c4 Nf6 3. Nc3 Bb4 4. Qc2 d5 5. cxd5 Qxd5 6. e3 c5 7. Bd2 Bxc3 8.
bxc3 Nc6 9. Nf3 Qd6 10. Rb1 O-O 11. Be2 e5 12. dxe5 Nxe5 13. O-O b6 14. Nxe5
Qxe5 15. f4 Qe7 16. Bf3 Bb7 17. c4 Be4 18. Bxe4 Qxe4 19. Qxe4 Nxe4 20. Rfd1
Rfd8 21. Be1 Kf8 22. Kf1 Rd6 23. Rxd6 Nxd6 24. Rc1 Rd8 25. Ke2 Ne4 26. a4 f5
27. Rb1 Rd6 28. Rc1 Ke8 29. Bc3 Rh6 30. h3 Rd6 31. Rc2 g6 32. Be5 Rd7 33. g4
Kf7 34. Ra2 Re7 35. Rc2 Ke6 36. Ra2 Kd7 37. Kf3 Kc6 38. Rc2 Rd7 39. Ke2 Kb7 40.
Bc3 h5 41. g5 Kc6 42. Be5 a6 43. Bc3 Rd6 44. Be1 b5 45. axb5+ axb5 46. cxb5+
Kxb5 47. Rb2+ Ka4 48. Rb8 Ka3 49. Rb7 Ka2 50. Rb5 c4 51. Bb4 Rd7 52. Rb6 c3 53.
Rxg6 c2 54. Ra6+ Kb3 55. Ba3 Rd2+ 56. Ke1 Rd1+ 57. Ke2 Ra1 58. g6 c1=Q 59. Bxc1
Rxa6  0-1

[Event "2. BUNDESLIGA MITTE 2019/2020"]
[Site "Linz"]
[Date "2019.10.12"]
[Round "2"]
[Board "4"]
[White "Taggatz, Mario"]
[Black "Khalakhan, Jurij"]
[Result "0-1"]
[WhiteElo "2207"]
[BlackElo "2249"]
[PlyCount "70"]
[EventDate "2019.10.11"]
[EventType "team"]
[EventRounds "11"]
[EventCountry "AUT"]
[WhiteTeam "SPG Sauwald"]
[BlackTeam "Frauental"]

1. c4 e5 2. Nc3 Nc6 3. Nf3 f5 4. g3 Nf6 5. d4 e4 6. Nh4 g6 7. Bg5 Bg7 8. Qd2
O-O 9. O-O-O b5 10. cxb5 Ne7 11. f3 d5 12. Ng2 a6 13. b6 cxb6 14. h4 Be6 15. h5
Nxh5 16. Nf4 Nxf4 17. Qxf4 Rf7 18. Qh4 Bh8 19. g4 Qd7 20. Bh3 fxg4 21. fxg4 Nc6
22. e3 Nb4 23. Rd2 Raf8 24. Bh6 Rc8 25. Kb1 b5 26. Rf2 Rxf2 27. Qxf2 Nd3 28.
Qd2 b4 29. Ne2 Nf2 30. Rh2 Nxh3 31. Rxh3 Bxg4 32. Rh2 Qb5 33. Rf2 Bg7 34. Bxg7
Bxe2 35. Bh6 Qd3+  0-1

[Event "2. BUNDESLIGA MITTE 2019/2020"]
[Site "Linz"]
[Date "2019.10.12"]
[Round "2"]
[Board "5"]
[White "Ebner, Hubert"]
[Black "Hiermann, Dietmar"]
[Result "1/2-1/2"]
[WhiteElo "2210"]
[BlackElo "2239"]
[PlyCount "115"]
[EventDate "2019.10.11"]
[EventType "team"]
[EventRounds "11"]
[EventCountry "AUT"]
[WhiteTeam "Frauental"]
[BlackTeam "SPG Sauwald"]

1. Nf3 f5 2. d4 Nf6 3. g3 g6 4. Bg2 Bg7 5. O-O O-O 6. c4 d6 7. Nc3 Nc6 8. d5
Ne5 9. Nxe5 dxe5 10. c5 a6 11. Qb3 Kh8 12. Bg5 Qe8 13. Rad1 Qf7 14. d6 Qxb3 15.
axb3 exd6 16. cxd6 cxd6 17. Rxd6 e4 18. f3 exf3 19. Bxf3 Ne8 20. Rd8 Nc7 21.
Rfd1 Be6 22. Rxa8 Rxa8 23. Bxb7 Rb8 24. Rd8+ Rxd8 25. Bxd8 Be5 26. Bxc7 Bxc7
27. Bxa6 Bxb3 28. Bb7 Be5 29. e4 f4 30. gxf4 Bxf4 31. Bd5 Bc2 32. Kg2 Kg7 33.
Ne2 Bd6 34. Nd4 Bd3 35. b3 Kf6 36. Nf3 Be2 37. h3 Bxf3+ 38. Kxf3 h5 39. Bc6 Ke7
40. Ke3 g5 41. Kf3 Kf7 42. Bd7 Ke7 43. Bc8 Kf6 44. Ke3 Bc5+ 45. Kd3 Ke5 46. Bf5
Be7 47. Ke3 Bc5+ 48. Kd3 Be7 49. Bg6 g4 50. Bxh5 gxh3 51. Bf3 Kf4 52. Bh1 Bd6
53. Kd4 Be5+ 54. Kd5 Bc3 55. Kc4 Be5 56. Kd3 Bd6 57. Kc4 Be5 58. Kd3  1/2-1/2

[Event "2. BUNDESLIGA MITTE 2019/2020"]
[Site "Linz"]
[Date "2019.10.12"]
[Round "2"]
[Board "6"]
[White "Hellmayr, Alois"]
[Black "Steiner, Stefan"]
[Result "0-1"]
[WhiteElo "2242"]
[BlackElo "2298"]
[PlyCount "138"]
[EventDate "2019.10.11"]
[EventType "team"]
[EventRounds "11"]
[EventCountry "AUT"]
[WhiteTeam "SPG Sauwald"]
[BlackTeam "Frauental"]

1. Nf3 c5 2. c3 d5 3. d4 cxd4 4. cxd4 Nc6 5. Nc3 Nf6 6. e3 Bf5 7. Qb3 Na5 8.
Qa4+ Bd7 9. Qd1 a6 10. Bd3 e6 11. O-O Bd6 12. Ne5 b5 13. e4 b4 14. Nxd7 Nxd7
15. Na4 dxe4 16. Bc2 Rc8 17. h3 Nf6 18. Bg5 h6 19. Bxf6 Qxf6 20. Nb6 Rd8 21.
Qe2 Qxd4 22. Qxa6 Qe5 23. Ba4+ Ke7 24. g3 Bc5 25. Kh2 Qc7 26. Nd7 Rxd7 27. Bxd7
Kxd7 28. Qb5+ Ke7 29. Rac1 Rc8 30. Rc2 Nb7 31. Rfc1 Qd7 32. Qa6 Rc7 33. b3 e3
34. fxe3 Bd6 35. Kg2 Rxc2+ 36. Rxc2 Nc5 37. Qa8 Qb7+ 38. Qxb7+ Nxb7 39. g4 Kd7
40. Kf3 Nc5 41. Rc4 Nd3 42. Rd4 Ne5+ 43. Ke2 g6 44. Rd1 f5 45. Rg1 Ke7 46. g5
hxg5 47. Rxg5 Kf6 48. Rg1 g5 49. Rd1 Be7 50. Rc1 Nd7 51. Rc7 Nc5 52. Kf3 Ne4
53. Rc6 Bc5 54. Rc8 Ke5 55. Rg8 Bd6 56. Rc8 Kd5 57. Rg8 Be7 58. Re8 g4+ 59. Kg2
gxh3+ 60. Kxh3 Bc5 61. Rd8+ Ke5 62. Rb8 Nc3 63. Rc8 Kd5 64. Rd8+ Bd6 65. Ra8
Nd1 66. Kg2 Nxe3+ 67. Kf3 Nc2 68. Ke2 Nd4+ 69. Kd3 Nc6  0-1

[Event "2. BUNDESLIGA MITTE 2019/2020"]
[Site "Linz"]
[Date "2019.10.12"]
[Round "2"]
[Board "1"]
[White "Csonka, Balazs"]
[Black "Kociscak, Jiri"]
[Result "1/2-1/2"]
[WhiteElo "2481"]
[BlackElo "2510"]
[PlyCount "75"]
[EventDate "2019.10.11"]
[EventType "team"]
[EventRounds "11"]
[EventCountry "AUT"]
[WhiteTeam "Schachfreunde Graz"]
[BlackTeam "SV Steyregg"]

1. e4 e5 2. Nf3 Nc6 3. Bb5 a6 4. Ba4 Nf6 5. O-O Be7 6. d3 b5 7. Bb3 d6 8. a3
Be6 9. Bxe6 fxe6 10. Be3 d5 11. Nbd2 O-O 12. c3 h6 13. Qc2 Qe8 14. d4 Qg6 15.
Rac1 Nxe4 16. Nxe5 Nxe5 17. dxe5 Qf5 18. Nxe4 dxe4 19. b4 Qxe5 20. Rce1 Bd6 21.
g3 Qd5 22. Rd1 Qf5 23. Rde1 a5 24. Bd4 e5 25. Be3 Qg6 26. c4 axb4 27. axb4 bxc4
28. Qxc4+ Qf7 29. Qxe4 Ra4 30. Bd2 Bc5 31. Re2 Bd4 32. Kg2 c5 33. bxc5 Bxf2 34.
Qc6 Ra6 35. Qe4 Rf6 36. Qxe5 Bxc5 37. Rxf6 Qxf6 38. Qxf6  1/2-1/2

[Event "2. BUNDESLIGA MITTE 2019/2020"]
[Site "Linz"]
[Date "2019.10.12"]
[Round "2"]
[Board "2"]
[White "Velicka, Petr"]
[Black "Gajek, Radoslaw"]
[Result "1-0"]
[WhiteElo "2426"]
[BlackElo "2422"]
[PlyCount "81"]
[EventDate "2019.10.11"]
[EventType "team"]
[EventRounds "11"]
[EventCountry "AUT"]
[WhiteTeam "SV Steyregg"]
[BlackTeam "Schachfreunde Graz"]

1. d4 e6 2. c4 Nf6 3. g3 d5 4. Nf3 Be7 5. Bg2 O-O 6. O-O dxc4 7. Qa4 a6 8. Qxc4
b5 9. Qc2 Bb7 10. Bd2 Ra7 11. Bf4 Be4 12. Qc1 Nbd7 13. Rd1 Qa8 14. Nbd2 Bd5 15.
Nb3 Ne4 16. Ne1 c5 17. Bxe4 Bxe4 18. Nxc5 Rc8 19. b4 a5 20. Qe3 Bg6 21. Nxd7
Rxd7 22. bxa5 Qxa5 23. Nd3 Rc3 24. Qf3 b4 25. Bd2 Rxd4 26. Bxc3 bxc3 27. Qc6
Be4 28. Qe8+ Bf8 29. Rdb1 Rd8 30. Qb5 Qc7 31. Qb6 Qc8 32. Rc1 Ba8 33. Rab1 Rd6
34. Qb5 Rc6 35. Rc2 g6 36. Qb8 Qa6 37. Qb5 Qa7 38. Rb3 Qc7 39. Qb8 Qa5 40. Qe8
Ra6 41. Rb8  1-0

[Event "2. BUNDESLIGA MITTE 2019/2020"]
[Site "Linz"]
[Date "2019.10.12"]
[Round "2"]
[Board "3"]
[White "Huber, Martin Christian"]
[Black "Meyer, Gordon"]
[Result "1-0"]
[WhiteElo "2343"]
[BlackElo "2211"]
[PlyCount "63"]
[EventDate "2019.10.11"]
[EventType "team"]
[EventRounds "11"]
[EventCountry "AUT"]
[WhiteTeam "Schachfreunde Graz"]
[BlackTeam "SV Steyregg"]

1. d4 d5 2. c4 e6 3. Nc3 c5 4. cxd5 exd5 5. Nf3 Nc6 6. g3 Nf6 7. Bg2 Be7 8. O-O
O-O 9. Bf4 a6 10. Rc1 Be6 11. dxc5 Bxc5 12. Ne5 Ba7 13. Nxc6 bxc6 14. Na4 Qa5
15. b3 c5 16. Bd6 Rfc8 17. Nc3 Re8 18. Be5 Nd7 19. Bf4 Rad8 20. Nxd5 Bxd5 21.
Qxd5 Nf6 22. Qc4 Rd4 23. Qc2 Nd5 24. Bxd5 Rxd5 25. Rfd1 Rxd1+ 26. Rxd1 h6 27.
Be3 Qb4 28. Rd2 Bb6 29. Qf5 Rf8 30. Rd7 Qe1+ 31. Kg2 g6 32. Qf3  1-0

[Event "2. BUNDESLIGA MITTE 2019/2020"]
[Site "Linz"]
[Date "2019.10.12"]
[Round "2"]
[Board "4"]
[White "Enoeckl, Philipp"]
[Black "Kravanja, Georg"]
[Result "1/2-1/2"]
[WhiteElo "2283"]
[BlackElo "2282"]
[PlyCount "61"]
[EventDate "2019.10.11"]
[EventType "team"]
[EventRounds "11"]
[EventCountry "AUT"]
[WhiteTeam "SV Steyregg"]
[BlackTeam "Schachfreunde Graz"]

1. d4 Nf6 2. c4 g6 3. Nc3 d5 4. Nf3 Bg7 5. Bf4 c6 6. e3 O-O 7. Bd3 c5 8. dxc5
dxc4 9. Bxc4 Qa5 10. O-O Qxc5 11. Bb3 Nc6 12. Rc1 Qh5 13. Nd2 Qxd1 14. Rfxd1
Na5 15. Ba4 Be6 16. b4 Nc6 17. Bxc6 bxc6 18. Be5 a5 19. a3 axb4 20. axb4 Rfd8
21. Nf3 Rxd1+ 22. Rxd1 Nd5 23. Nxd5 Bxd5 24. Bxg7 Kxg7 25. Ne5 Rb8 26. Rb1 c5
27. b5 c4 28. f3 c3 29. Rc1 Rxb5 30. Rxc3 Rb1+ 31. Kf2  1/2-1/2

[Event "2. BUNDESLIGA MITTE 2019/2020"]
[Site "Linz"]
[Date "2019.10.12"]
[Round "2"]
[Board "5"]
[White "Eder, Matthias"]
[Black "Wiesinger, Robert"]
[Result "1-0"]
[WhiteElo "2168"]
[BlackElo "2230"]
[PlyCount "109"]
[EventDate "2019.10.11"]
[EventType "team"]
[EventRounds "11"]
[EventCountry "AUT"]
[WhiteTeam "Schachfreunde Graz"]
[BlackTeam "SV Steyregg"]

1. d4 d5 2. c4 dxc4 3. e4 Nc6 4. Nf3 Nf6 5. d5 Nxe4 6. Bxc4 e6 7. dxc6 Qxd1+ 8.
Kxd1 Nxf2+ 9. Kc2 Nxh1 10. Be3 Bd6 11. Nc3 Ng3 12. hxg3 Bxg3 13. Rd1 Ke7 14.
Nb5 b6 15. Ng5 a6 16. Nc3 h6 17. Nce4 hxg5 18. Nxg3 f6 19. Bd2 Rh2 20. Bb4+ Kf7
21. Bf1 e5 22. Bc4+ Kg6 23. Rd2 a5 24. Bc3 Bg4 25. Bd3+ Kf7 26. Nf1 Rhh8 27.
Bc4+ Ke7 28. Ne3 Be6 29. Nd5+ Kf7 30. Nxb6 Bxc4 31. Nxc4 Ke6 32. Bxa5 Rh4 33.
Kc3 Ra6 34. b3 Rxc6 35. a4 f5 36. Rd8 Rg4 37. Re8+ Kf6 38. Rf8+ Ke6 39. Re8+
Kf6 40. Rf8+ Kg6 41. Rc8 Rxg2 42. Rxc7 Re6 43. b4 f4 44. b5 Rg3+ 45. Kc2 Rg2+
46. Kc3 Rg3+ 47. Kc2 Rg2+ 48. Kd1 e4 49. Rc6 Kf5 50. Rxe6 Kxe6 51. b6 Rh2 52.
b7 Rh8 53. Bc7 Kd5 54. Nd6 g4 55. Nc8  1-0

[Event "2. BUNDESLIGA MITTE 2019/2020"]
[Site "Linz"]
[Date "2019.10.12"]
[Round "2"]
[Board "6"]
[White "Stolz, Julius"]
[Black "Kristoferitsch, Daniel"]
[Result "0-1"]
[WhiteElo "2130"]
[BlackElo "2108"]
[PlyCount "92"]
[EventDate "2019.10.11"]
[EventType "team"]
[EventRounds "11"]
[EventCountry "AUT"]
[WhiteTeam "SV Steyregg"]
[BlackTeam "Schachfreunde Graz"]

1. e4 c5 2. Nf3 e6 3. b3 a6 4. Bb2 Nc6 5. c4 d6 6. d4 cxd4 7. Nxd4 Nf6 8. Nc3
Be7 9. Be2 O-O 10. O-O Qc7 11. Rc1 Bd7 12. Qd2 Nxd4 13. Qxd4 Rac8 14. Rfd1 Rfd8
15. Qe3 Qb8 16. a4 Bc6 17. Kh1 b6 18. f3 Nd7 19. Bf1 Nc5 20. Ne2 b5 21. cxb5
axb5 22. a5 b4 23. Nd4 Bd7 24. Ra1 Qc7 25. Qe1 e5 26. Nb5 Bxb5 27. Bxb5 Nxb3
28. Ra4 Nxa5 29. Rc1 Qb6 30. Rxc8 Rxc8 31. Qxb4 Nc6 32. Bxc6 Qxc6 33. h3 Qc7
34. Qd2 h6 35. Ra1 Qb6 36. Rd1 Qb3 37. Rb1 Rb8 38. Kh2 Kh7 39. Qe2 Rb6 40. Qf2
Rb7 41. Qd2 Bg5 42. Qe2 Bd8 43. Qa6 Bg5 44. Qe2 Rb6 45. Kh1 Qa2 46. Qc2 Be3  0-1

[Event "2. BUNDESLIGA MITTE 2019/2020"]
[Site "Linz"]
[Date "2019.10.12"]
[Round "2"]
[Board "1"]
[White "Horvath, Adam"]
[Black "Leisch, Lukas"]
[Result "1-0"]
[WhiteElo "2487"]
[BlackElo "2340"]
[PlyCount "67"]
[EventDate "2019.10.11"]
[EventType "team"]
[EventRounds "11"]
[EventCountry "AUT"]
[WhiteTeam "EJ Gleisdorf"]
[BlackTeam "SPG Freistadt/Wartberg"]

1. e4 e6 2. d4 d5 3. Nd2 c5 4. exd5 Qxd5 5. Ngf3 cxd4 6. Bc4 Qd6 7. Qe2 Nf6 8.
Nb3 Nc6 9. Bg5 a6 10. O-O-O b5 11. Bd3 Be7 12. Rhe1 Bb7 13. Nbxd4 Nxd4 14. Nxd4
Qd5 15. Nf5 Qxa2 16. Qe5 Qa1+ 17. Kd2 Qa5+ 18. c3 Ne4+ 19. Bxe4 Bxg5+ 20. Ke2
Bxe4 21. Nxg7+ Kf8 22. Qxg5 Qc7 23. Qh6 Ke7 24. Qh4+ Kf8 25. Nxe6+ fxe6 26.
Qxe4 Qc4+ 27. Qxc4 bxc4 28. Rd7 Rb8 29. Kf1 Ke8 30. Ra7 Rf8 31. Rxe6+ Kd8 32.
Re4 Rf5 33. Rd4+ Ke8 34. Rxc4  1-0

[Event "2. BUNDESLIGA MITTE 2019/2020"]
[Site "Linz"]
[Date "2019.10.12"]
[Round "2"]
[Board "2"]
[White "Ly, Dominik"]
[Black "Heinemann, Thies"]
[Result "0-1"]
[WhiteElo "2228"]
[BlackElo "2501"]
[PlyCount "116"]
[EventDate "2019.10.11"]
[EventType "team"]
[EventRounds "11"]
[EventCountry "AUT"]
[WhiteTeam "SPG Freistadt/Wartberg"]
[BlackTeam "EJ Gleisdorf"]

1. Nf3 c5 2. c4 Nc6 3. d4 cxd4 4. Nxd4 Qb6 5. Nb3 e6 6. a3 Nf6 7. Nc3 Be7 8. e4
d6 9. Be3 Qc7 10. Be2 O-O 11. O-O b6 12. f4 Bb7 13. Bf3 Rac8 14. Rc1 Qb8 15. g4
Nd7 16. g5 Rfe8 17. Qe2 Bf8 18. Nd2 g6 19. b4 Bg7 20. Qd3 Rcd8 21. Rf2 Ne7 22.
Bg4 Ba6 23. Qc2 Bb7 24. Qd3 Ba6 25. Qc2 Nf8 26. Qa4 Bb7 27. Ne2 Nf5 28. Qb3
Nxe3 29. Qxe3 Re7 30. Qd3 Nd7 31. Qh3 Nf8 32. Rd1 Qc7 33. Qd3 a6 34. Ng3 Ree8
35. h4 Qe7 36. Nf3 Qc7 37. Nd2 Bc6 38. Rc1 Qb8 39. b5 Bb7 40. Bf3 Qc7 41. Ne2
Nd7 42. Bg2 Nc5 43. Qg3 axb5 44. cxb5 Qd7 45. Rb1 Ra8 46. Rb4 Ra7 47. Kh2 Qc7
48. Qe3 Rea8 49. Nb1 Nd7 50. Rf1 Nc5 51. Rd1 Rd8 52. Nd2 Bf8 53. Rbb1 Ra4 54.
Nc3 Rxa3 55. Nc4 Raa8 56. Bf3 Bg7 57. Re1 d5 58. exd5 exd5  0-1

[Event "2. BUNDESLIGA MITTE 2019/2020"]
[Site "Linz"]
[Date "2019.10.12"]
[Round "2"]
[Board "3"]
[White "Frosch, Ronald"]
[Black "Mayerhofer, Peter"]
[Result "1-0"]
[WhiteElo "2261"]
[BlackElo "2174"]
[PlyCount "61"]
[EventDate "2019.10.11"]
[EventType "team"]
[EventRounds "11"]
[EventCountry "AUT"]
[WhiteTeam "EJ Gleisdorf"]
[BlackTeam "SPG Freistadt/Wartberg"]

1. d4 f5 2. Nf3 Nf6 3. e3 g6 4. Be2 Bg7 5. O-O O-O 6. c4 d6 7. b4 c6 8. Bb2 Ne4
9. Nc3 Nd7 10. Qc2 Ndf6 11. a4 Qe8 12. Rfd1 h6 13. Nd2 Nxc3 14. Bxc3 e5 15.
dxe5 dxe5 16. c5 Kh8 17. Nc4 Nd5 18. Be1 e4 19. Rab1 Be6 20. b5 Qd7 21. bxc6
bxc6 22. a5 Rab8 23. a6 Qc7 24. g3 g5 25. Rxb8 Rxb8 26. Rb1 Rxb1 27. Qxb1 Nc3
28. Bxc3 Bxc3 29. Qb7 Qd7 30. Nd6 Be5 31. Qxd7  1-0

[Event "2. BUNDESLIGA MITTE 2019/2020"]
[Site "Linz"]
[Date "2019.10.12"]
[Round "2"]
[Board "4"]
[White "Koller, Hans-Juergen"]
[Black "Wanderer, Thomas"]
[Result "1-0"]
[WhiteElo "2173"]
[BlackElo "2229"]
[PlyCount "79"]
[EventDate "2019.10.11"]
[EventType "team"]
[EventRounds "11"]
[EventCountry "AUT"]
[WhiteTeam "SPG Freistadt/Wartberg"]
[BlackTeam "EJ Gleisdorf"]

1. Nf3 c5 2. c4 Nf6 3. b3 g6 4. Bb2 Bg7 5. g3 b6 6. Bg2 Bb7 7. O-O O-O 8. d4
cxd4 9. Nxd4 Bxg2 10. Kxg2 d5 11. Na3 dxc4 12. Nxc4 Qd5+ 13. Kg1 Na6 14. Qd3
Rfd8 15. Rfd1 Rd7 16. Qf3 Qxf3 17. Nxf3 Rc8 18. Kg2 Nc5 19. Rxd7 Nfxd7 20. Bxg7
Kxg7 21. Rd1 Nf8 22. Nd4 f6 23. f3 Kf7 24. Nb5 Ra8 25. b4 Na4 26. Rd3 a6 27.
Nc3 Nxc3 28. Rxc3 Nd7 29. f4 Ke6 30. Re3+ Kf7 31. Rd3 Rc8 32. Ne3 Ke6 33. g4
Nb8 34. a3 b5 35. Kf3 f5 36. gxf5+ gxf5 37. Kf2 Rc7 38. Rd5 Rc3 39. Re5+ Kf6
40. Nd5+  1-0

[Event "2. BUNDESLIGA MITTE 2019/2020"]
[Site "Linz"]
[Date "2019.10.12"]
[Round "2"]
[Board "5"]
[White "Frosch, Erich"]
[Black "Postlmayer, Jakob"]
[Result "1/2-1/2"]
[WhiteElo "2188"]
[BlackElo "2204"]
[PlyCount "105"]
[EventDate "2019.10.11"]
[EventType "team"]
[EventRounds "11"]
[EventCountry "AUT"]
[WhiteTeam "EJ Gleisdorf"]
[BlackTeam "SPG Freistadt/Wartberg"]

1. d4 d5 2. Nf3 Nf6 3. e3 Bf5 4. c4 c6 5. Nc3 e6 6. Be2 Nbd7 7. O-O h6 8. Bd2
Bd6 9. Rc1 O-O 10. c5 Bc7 11. b4 b6 12. b5 bxc5 13. bxc6 Nb8 14. dxc5 Nxc6 15.
Nd4 Nxd4 16. exd4 e5 17. Nb5 exd4 18. Nxd4 Be4 19. f3 Bh7 20. Ba6 Be5 21. Nc6
Bxh2+ 22. Kh1 Qc7 23. Qa4 Bg3 24. Bc3 Nh5 25. Rfd1 Bf4 26. Bd2 Rfe8 27. Bxf4
Nxf4 28. Re1 Re6 29. Rxe6 Nxe6 30. Bb5 a6 31. Bf1 Rc8 32. Na5 d4 33. Nb3 d3 34.
Qxa6 Rd8 35. Qc4 Qg3 36. c6 d2 37. Rd1 Qe1 38. Qe2 Qh4+ 39. Kg1 Nd4 40. Qc4
Nxf3+ 41. gxf3 Qg3+ 42. Bg2 Bd3 43. c7 Qe1+ 44. Kh2 Re8 45. Qa4 Bb5 46. Qb4
Qxd1 47. Qxb5 Qe1 48. Nxd2 Qh4+ 49. Kg1 Re1+ 50. Nf1 Qd4+ 51. Kh1 Qh4+ 52. Kg1
Qc4 53. Kh1  1/2-1/2

[Event "2. BUNDESLIGA MITTE 2019/2020"]
[Site "Linz"]
[Date "2019.10.12"]
[Round "2"]
[Board "6"]
[White "Rechberger, Franz"]
[Black "Wegerer, Fred"]
[Result "1-0"]
[WhiteElo "2117"]
[BlackElo "2166"]
[PlyCount "99"]
[EventDate "2019.10.11"]
[EventType "team"]
[EventRounds "11"]
[EventCountry "AUT"]
[WhiteTeam "SPG Freistadt/Wartberg"]
[BlackTeam "EJ Gleisdorf"]

1. e4 c5 2. Nf3 e6 3. d4 cxd4 4. Nxd4 Nf6 5. Bd3 Qb6 6. Nb3 Nc6 7. Nc3 a6 8.
Qe2 d6 9. h3 Be7 10. O-O h6 11. Be3 Qc7 12. f4 Bd7 13. Nd4 b5 14. Rae1 b4 15.
Nb1 Nxd4 16. Bxd4 e5 17. Be3 Qb7 18. Nd2 Bb5 19. c4 bxc3 20. bxc3 Bxd3 21. Qxd3
O-O 22. Rb1 Qc7 23. Rb3 Rfd8 24. Bb6 Qc6 25. Bxd8 Rxd8 26. c4 exf4 27. Rxf4 Re8
28. Rf1 Bd8 29. Rfb1 Qc5+ 30. Qe3 Qe5 31. Qg3 Qa5 32. R1b2 Bc7 33. Rb7 Qc5+ 34.
Qf2 Qc6 35. Qa7 Re7 36. Kh1 Kh7 37. Qd4 Re5 38. Qa7 Rc5 39. Rxc7 Qxc7 40. Rb7
Qa5 41. Nf3 Qxa2 42. e5 Nh5 43. Rxf7 Rxc4 44. Qd7 Qb1+ 45. Kh2 dxe5 46. Nd2 Qg6
47. Nxc4 Nf6 48. Nxe5 Qg5 49. Qd3+ Kg8 50. Qg3  1-0

[Event "2. BUNDESLIGA MITTE 2019/2020"]
[Site "Linz"]
[Date "2019.10.12"]
[Round "2"]
[Board "1"]
[White "Haba, Petr"]
[Black "Nagy, Gabor"]
[Result "1-0"]
[WhiteElo "2470"]
[BlackElo "2489"]
[PlyCount "89"]
[EventDate "2019.10.11"]
[EventType "team"]
[EventRounds "11"]
[EventCountry "AUT"]
[WhiteTeam "SPG Sparkasse SEDDA Grieskirchen/Schalle"]
[BlackTeam "SPG Fuerstenfeld/Hartberg 2"]

1. e4 e5 2. Nf3 Nc6 3. Bb5 a6 4. Ba4 Nf6 5. O-O b5 6. Bb3 Bb7 7. Re1 Bc5 8. c3
Bb6 9. d4 d6 10. a4 h6 11. Be3 exd4 12. cxd4 Na5 13. Bc2 O-O 14. Nbd2 Ng4 15.
Bf4 Qf6 16. Bg3 Bxd4 17. Nxd4 Qxd4 18. axb5 axb5 19. Qxg4 Qxd2 20. Bf4 Qxc2 21.
Bxh6 Qxb2 22. e5 g6 23. Qh4 Nc4 24. Rab1 Ra1 25. Rxa1 Nxe5 26. Bxf8 Kxf8 27.
Qh8+ Ke7 28. Rab1 Qd4 29. Rxb5 Kd7 30. Rbxe5 dxe5 31. Qxe5 Qxe5 32. Rxe5 Kd6
33. Ra5 c5 34. f3 Bd5 35. Kf2 g5 36. g3 Be6 37. h4 gxh4 38. gxh4 c4 39. Ke3 Ke7
40. Kd4 Kf6 41. Rg5 Bf5 42. Kxc4 Ke5 43. Kc3 Kf4 44. Kd2 f6 45. Rg7  1-0

[Event "2. BUNDESLIGA MITTE 2019/2020"]
[Site "Linz"]
[Date "2019.10.12"]
[Round "2"]
[Board "2"]
[White "Pilaj, Herwig"]
[Black "Kilgus, Georg"]
[Result "0-1"]
[WhiteElo "2325"]
[BlackElo "2438"]
[PlyCount "62"]
[EventDate "2019.10.11"]
[EventType "team"]
[EventRounds "11"]
[EventCountry "AUT"]
[WhiteTeam "SPG Fuerstenfeld/Hartberg 2"]
[BlackTeam "SPG Sparkasse SEDDA Grieskirchen/Schalle"]

1. Nf3 c5 2. g3 b6 3. b3 Bb7 4. Bg2 Nf6 5. Bb2 g6 6. Bxf6 exf6 7. c4 d5 8. Nc3
d4 9. Nd5 Bxd5 10. cxd5 Bd6 11. b4 O-O 12. bxc5 bxc5 13. d3 Nd7 14. Nd2 f5 15.
Rb1 h5 16. Qa4 Nb6 17. Qa6 Re8 18. Bf3 g5 19. Bxh5 g4 20. h3 Qe7 21. O-O Qg5
22. hxg4 Qxd2 23. gxf5 Qg5 24. Bf3 Bxg3 25. fxg3 Qxg3+ 26. Kh1 Kg7 27. f6+ Kg6
28. Bh5+ Kxh5 29. Rf3 Qh4+ 30. Kg2 Rg8+ 31. Kf1 Qh1+  0-1

[Event "2. BUNDESLIGA MITTE 2019/2020"]
[Site "Linz"]
[Date "2019.10.12"]
[Round "2"]
[Board "3"]
[White "Schwabeneder, Florian"]
[Black "Csonka, Attila"]
[Result "1/2-1/2"]
[WhiteElo "2401"]
[BlackElo "2348"]
[PlyCount "66"]
[EventDate "2019.10.11"]
[EventType "team"]
[EventRounds "11"]
[EventCountry "AUT"]
[WhiteTeam "SPG Sparkasse SEDDA Grieskirchen/Schalle"]
[BlackTeam "SPG Fuerstenfeld/Hartberg 2"]

1. e4 c6 2. d4 d5 3. exd5 cxd5 4. Bd3 Nc6 5. c3 Nf6 6. Bf4 Bg4 7. Qb3 Qd7 8.
Nd2 e6 9. Ngf3 Bxf3 10. Nxf3 Bd6 11. Bxd6 Qxd6 12. O-O O-O 13. Rae1 Rab8 14.
Ne5 b5 15. a3 a5 16. Re3 b4 17. axb4 axb4 18. Qd1 bxc3 19. bxc3 Rfc8 20. Qf3
Qc7 21. Rfe1 Nxe5 22. dxe5 Ne4 23. Bxe4 dxe4 24. Qxe4 Rb3 25. Rc1 Qa5 26. h4 h6
27. c4 Qd2 28. Ree1 Rd3 29. g3 Rd4 30. Qb1 Rdxc4 31. Rxc4 Rxc4 32. Rd1 Qc2 33.
h5 Qxb1  1/2-1/2

[Event "2. BUNDESLIGA MITTE 2019/2020"]
[Site "Linz"]
[Date "2019.10.12"]
[Round "2"]
[Board "4"]
[White "Kuba, Guenter"]
[Black "Webersberger, Johann"]
[Result "1-0"]
[WhiteElo "2338"]
[BlackElo "2367"]
[PlyCount "119"]
[EventDate "2019.10.11"]
[EventType "team"]
[EventRounds "11"]
[EventCountry "AUT"]
[WhiteTeam "SPG Fuerstenfeld/Hartberg 2"]
[BlackTeam "SPG Sparkasse SEDDA Grieskirchen/Schalle"]

1. e4 e6 2. Nf3 d5 3. Nc3 Nf6 4. e5 Nfd7 5. d4 c5 6. dxc5 Nc6 7. Bf4 Bxc5 8.
Bd3 f6 9. exf6 Nxf6 10. Qe2 O-O 11. O-O-O a6 12. Ne5 Bd7 13. g4 Nd4 14. Qd2 Rc8
15. Be3 Nb5 16. Bxb5 Bxb5 17. Bxc5 Rxc5 18. Rhe1 Qc7 19. f3 Nd7 20. f4 Nf6 21.
Kb1 Rc8 22. Rc1 Be8 23. g5 Nd7 24. Nd3 Rc4 25. Rxe6 Nb6 26. Qe3 Bc6 27. Ne2 Re4
28. Rxe4 dxe4 29. Ne5 Nd5 30. Qc5 Rf8 31. Qc4 Kh8 32. Nxc6 Qxc6 33. Qxe4 Nxf4
34. Qxc6 bxc6 35. Rf1 Ne6 36. Rxf8+ Nxf8 37. b4 Ne6 38. h4 Kg8 39. Kb2 Kf7 40.
c4 Kg6 41. Ng3 Nf4 42. a4 Kf7 43. Kc3 Ke6 44. Kd4 g6 45. Ne4 Ng2 46. Nc5+ Kd6
47. Nxa6 Nxh4 48. Ke4 Nf5 49. c5+ Kd7 50. b5 h5 51. gxh6 Nxh6 52. Nb8+ Kc7 53.
Nxc6 g5 54. Nb4 g4 55. Kf4 Kb8 56. a5 Ka8 57. b6 Nf5 58. Kxg4 Nd4 59. a6 Nc6
60. b7+  1-0

[Event "2. BUNDESLIGA MITTE 2019/2020"]
[Site "Linz"]
[Date "2019.10.12"]
[Round "2"]
[Board "5"]
[White "Singer, Christoph"]
[Black "Spindelboeck, Gernot"]
[Result "1/2-1/2"]
[WhiteElo "2338"]
[BlackElo "2227"]
[PlyCount "60"]
[EventDate "2019.10.11"]
[EventType "team"]
[EventRounds "11"]
[EventCountry "AUT"]
[WhiteTeam "SPG Sparkasse SEDDA Grieskirchen/Schalle"]
[BlackTeam "SPG Fuerstenfeld/Hartberg 2"]

1. e4 e6 2. d4 d5 3. exd5 exd5 4. Nf3 Nf6 5. Bd3 Bd6 6. Qe2+ Qe7 7. Qxe7+ Kxe7
8. Bg5 h6 9. Bh4 Be6 10. Nbd2 Nbd7 11. O-O Rhe8 12. Rfe1 g5 13. Bg3 Bxg3 14.
hxg3 Kf8 15. Ne5 Nxe5 16. Rxe5 Ng4 17. Re2 Bd7 18. Rae1 Rxe2 19. Rxe2 Re8 20.
Kf1 Rxe2 21. Kxe2 Ke7 22. Nf1 Kd6 23. f3 Nf6 24. Ne3 Be6 25. c3 b6 26. a3 c5
27. b4 c4 28. Bc2 a5 29. Kf2 Bd7 30. Ke2 Ke7  1/2-1/2